Concurso agrícola universal de animales reproductores, instrumentos y productos agrícolas, que debe celebrarse en París dede el 1º al 10 de junio de 1857
Descripción Física:
43 p. ; 22 cm
Materias:
Fires agrícoles -- París -- Normes
MARC
| LEADER | 00000nam a2200000Ia 4500 | ||
|---|---|---|---|
| 001 | 16471 | ||
| 008 | 160829s1856 xx 000 0 cat d | ||
| 080 | |a RF-14-77 | ||
| 245 | |a Concurso agrícola universal de animales reproductores, instrumentos y productos agrícolas, que debe celebrarse en París dede el 1º al 10 de junio de 1857 | ||
| 260 | |a Madrid : |b (Imprenta Nacional), |c 1856 | ||
| 300 | |a 43 p. ; |c 22 cm | ||
| 590 | |a Prové de 1401, exp. 7 i de 174, exp. 3. | ||
| 590 | |a Hi ha un duplicat amb R. 17507 a: DUP-186-77 | ||
| 650 | |a Fires agrícoles |x París |x Normes |9 48574 | ||
| 856 | 4 | |u https://media.diba.cat/diba/fitxers/arxiu/fulletons/bib_16471_1856_baixa.pdf |y Accés lliure | |
| 856 | 4 | |u https://media.diba.cat/diba/fitxers/arxiu/fulletons/bib_16471_1856_baixa.pdf |y Accés lliure | |
| 901 | |a Arxiu | ||
| 942 | |n 1 |2 udc | ||
| 952 | |0 0 |1 0 |4 0 |6 RF1477 |7 1 |9 54662 |a Arxiu |b Arxiu |d 2016-12-01 |l 0 |o RF-14-77 |p 16471 |r 2016-12-01 00:00:00 |w 2016-12-01 |y ARXIU | ||
| 999 | |c 58531 |d 58531 | ||
| 900 | |a bib_16471_1856_baixa.pdf | ||